| 000 | 02367nam a2200361 i 4500 | ||
|---|---|---|---|
| 001 | 000039356 | ||
| 003 | DO-SdBNP | ||
| 005 | 20251212082729.0 | ||
| 007 | ta | ||
| 008 | 130625s1999 dr a 000 0 spa d | ||
| 020 | _a8489953171 | ||
| 040 |
_aDO-SdBNP _bspa _cBNPHU _erda |
||
| 041 | _aspa | ||
| 082 | 4 |
_a929.6097293 _bE93e 1999 _222 |
|
| 110 | 2 |
_aBanco Central de la República Dominicana _983405 |
|
| 245 | 1 | 0 |
_aEvolución del escudo dominicano / _cedición, José Alcántara Almánzar ; ilustraciones Luis Aguasvivas y Roberto Lantigua. |
| 250 | _aSegunda edición | ||
| 264 | 4 |
_aSanto Domingo : _bBanco Central de la República Dominicana, _c©1999. |
|
| 300 |
_a127 páginas : _bilustraciones ; _c24 cm. |
||
| 336 |
_atexto _btxt _2rdacontent |
||
| 337 |
_asin mediación _bn _2rdamedia |
||
| 338 |
_avolumen _bnc _2rdacarrier |
||
| 504 | _aBibliografía: páginas 125-127 | ||
| 505 | _aPresentación, 3 -- Recorrido por la sala de exposición temporales, 5 -- Himno al escudo nacional, 6 PRIMERA VITRINA -- Armas nacionales, 1844, 7 -- Panel No.1. Armas nacionales, 1844, 7 -- Panel No. 2. Armas nacionales, 1848, 8 -- Panel No.3. Escudo nacional, 1848, 8 -- Panel No.4. Armas nacionales, 1849, 10 -- Panel No.5. Armas nacionales, 1853, 11 -- Panel No.6. Escudo nacional, 1857, 11 -- Panel No.7. Escudo nacional, 1860, 12 -- Panel No.8. Escudo nacional, 1866, 12 -- Panel No.9. Escudo nacional, 1867, 14 -- Panel No.10. Escudo nacional, 1870, 70 -- Panel No.11. Escudo nacional, 1874, 16 -- Panel No.12. Escudo nacional, 18886, 18 -- Panel No.13. Escudo nacional, 1889, 19 -- Panel No.14. Escudo nacional, 1898, 24 -- Panel No.15. Escudo nacional, 1905, 26 -- Serie del escudo, 26 -- Panel No.16. Escudo nacional, 1909, 27 -- Panel No.17. Escudo nacional, 1913, 28 -- Panel No.18. Escudo nacional, 1916, 31 -- Panel No.19. Escudo nacional, 1982, 33 -- Panel No.20. Escudo nacional, 1983, 36 -- SEGUNDA VITRINA -- Escudo nacional, 2010, 38 -- Bibliografía consultada, 41. | ||
| 590 | _aInventariado, 2018/BT | ||
| 650 | 4 |
_aHeraldica _zRepública Dominicana _911720 |
|
| 650 | 4 |
_aDivisas (heraldica) _zRepública Dominicana _954536 |
|
| 700 | 1 |
_aAlcántara Almánzar, José _d1946- _eed. _97018 |
|
| 700 | 1 |
_aAguasvivas, Luis, _eil. _965559 |
|
| 700 | 1 |
_aLantigua, Roberto, _eil. _965560 |
|
| 910 | _aControl de calidad. MFF | ||
| 942 |
_2ddc _cLBS1 |
||
| 999 |
_c38846 _d38846 |
||